Řídící vztahy uvnitř podniku
Riadiace vzťahy medzi podnikovou riadiacou úrovňou a závodom. Formy hierarchických väzieb. Formy a náplň riadenia podnikateľských subjektov (riadenie priame, nepriame, metodické). Decentralizácia a centralizácia. Členenie právomoci a zodpovednosť v riadení. Podmienky úspešnosti podniku. Realizácia r...
Salvato in:
| Autore principale: | |
|---|---|
| Altri autori: | |
| Natura: | Capitolo di libro |
| Lingua: | ceco |
| Soggetti: | |
| Tags: |
Nessun Tag, puoi essere il primo ad aggiungerne!!
|
MARC
| LEADER | 00000naa a2200000 4500 | ||
|---|---|---|---|
| 001 | r024845 | ||
| 005 | 20221205080209.3 | ||
| 041 | 0 | |a cze | |
| 044 | |a CZ | ||
| 245 | 1 | 0 | |a Řídící vztahy uvnitř podniku |c V. Fremr, J. Benešová |
| 520 | |a Riadiace vzťahy medzi podnikovou riadiacou úrovňou a závodom. Formy hierarchických väzieb. Formy a náplň riadenia podnikateľských subjektov (riadenie priame, nepriame, metodické). Decentralizácia a centralizácia. Členenie právomoci a zodpovednosť v riadení. Podmienky úspešnosti podniku. Realizácia riadiacich vzťahov - riaditeľstvo podniku - závod. Organizačné zaistenie riadiacich vzťahov. | ||
| 610 | 2 | 0 | |a riadenie podnikové |
| 610 | 2 | 0 | |a podnik |
| 610 | 2 | 0 | |a závody |
| 610 | 2 | 0 | |a hierarchia podniková |
| 610 | 2 | 0 | |a centralizácia |
| 610 | 2 | 0 | |a decentralizácia |
| 610 | 2 | 0 | |a právomoc |
| 610 | 2 | 0 | |a zodpovednosť |
| 610 | 2 | 0 | |a formy riadenia |
| 100 | 1 | |a Fremr, V. | |
| 700 | 1 | |a Benešová, J. | |